Vliv globalizace na soudobé podmínky podnikání, ekonomiky a managementu
Pojmové vymedzenie globalizácie, globalizačné trendy. Akcelerácia globalizačných procesov a zmeny v štruktúre globalizačných procesov. Vplyv globalizácie na podnikanie, ekonomiku a management. Príležitosti a ohrozenie podnikateľských subjektov spojených s globalizáciou.
Salvato in:
| Autore principale: | |
|---|---|
| Natura: | Capitolo di libro |
| Lingua: | ceco |
| Soggetti: | |
| Tags: |
Nessun Tag, puoi essere il primo ad aggiungerne!!
|
MARC
| LEADER | 00000naa a2200000 4500 | ||
|---|---|---|---|
| 001 | r043187 | ||
| 005 | 20231002111645.0 | ||
| 041 | 0 | |a cze | |
| 044 | |a CZ | ||
| 245 | 1 | 0 | |a Vliv globalizace na soudobé podmínky podnikání, ekonomiky a managementu |c Jaromír Veber |
| 520 | |a Pojmové vymedzenie globalizácie, globalizačné trendy. Akcelerácia globalizačných procesov a zmeny v štruktúre globalizačných procesov. Vplyv globalizácie na podnikanie, ekonomiku a management. Príležitosti a ohrozenie podnikateľských subjektov spojených s globalizáciou. | ||
| 610 | 2 | 0 | |a globalizácia hospodárstva |
| 610 | 2 | 0 | |a podnikanie |
| 610 | 2 | 0 | |a manažment |
| 610 | 2 | 0 | |a konkurencia |
| 610 | 2 | 0 | |a konkurencieschopnosť |
| 610 | 2 | 0 | |a podnik |
| 100 | 1 | |a Veber, Jaromír | |